| 000 | 00752nam a2200241 4500 | ||
|---|---|---|---|
| 010 | _aB-045710 | ||
| 020 | _a0443011370 | ||
| 035 | _aB-045710 | ||
| 037 | _bCen Lib / Ret | ||
| 040 |
_aDPL _bEN |
||
| 082 |
_a616.0756 _bCRU |
||
| 100 | _aCruickshank, Robert | ||
| 245 |
_aMedical microbiology / _cby Robert Cruickshank |
||
| 250 | _a10th ed | ||
| 260 |
_aEdinburgh _bChurchill Livingstone _c1974 |
||
| 270 |
_aChurchill Livingstone _bEdinburgh |
||
| 300 |
_a(v 1. xii,667) _b24cm(Hb) |
||
| 505 | _av. 1. A guide to the laboratory diagnosis and control of infection | ||
| 650 | _aMedical microbiology. | ||
| 650 | _aLaboratory Techniques and Procedures. | ||
| 650 | _aMicrobiology. | ||
| 942 |
_2ddc _cEN _h616.0756 _mCRU |
||
| 999 |
_c136601 _d136601 |
||